000 00437pab a2200145 454500
008 180718b xxu||||| |||| 00| 0 eng d
100 _aAllan, Percy
245 _aThe financial management programme of the New South Wales Tresury
650 _a Treasury
650 _a New South Wales
650 _a Financial Management
650 _aFinance, Public - Australia
773 _aAustralian Journal of Public Administration
909 _a21351
999 _c21351
_d21351